000 01207nam a2200337 a 4500
003 CO-BoRNBP
005 20241119152340.0
007 ta
008 180130s2017 ck a gr 000 j spa d
020 _a9789585617612
040 _aCO-BoBLA
_bspa
_cCO-BoBLA
043 _as-ck---
082 0 4 _aCo863.5
_bM64d
100 1 _aMolano, Alfredo,
_d1944-2019.
_943853
240 1 0 _aBogotá-Bibliografía regional
245 1 3 _aEl destino de la luz /
_cAlfredo Molano ; ilustraciones, Katherin Ramos Arias; coordinación, Orlando Peña Rodríguez
250 _aPrimera edición
264 4 _aVillavicenco, Meta, Colombia
_bCorporación Cultural Entreletras
_c©2017
300 _a36 páginas :
_bilustraciones ;
_c20 cm.
336 _2rdacontent
_atexto
_btxt
337 _2rdamedia
_asin mediación
_bn
338 _2rdacarrier
_avolumen
_bnc
650 7 _aCuentos colombianos.
_2BLAAUTO
650 7 _aPiratas
_v Cuentos.
_2BLAAUTO
_92751
650 7 _aCorso
_v Cuentos.
_2BLAAUTO
_943854
650 7 _aCuentos históricos.
_2BLAAUTO
_943855
650 7 _aColombia
_2BLAAUTO
_vCuentos.
_xHistoria
_943856
700 1 _aRamos Arias, Katherin,
_eilustradora.
_943857
942 _2ddc
_cBKLIT
949 _ac
_bc
999 _c38559
_d38559